000 01502nam0a2200349 4500
001 RU\NLR\bibl\533927
005 20260405062035.0
010 _a5-9579-0026-5
_93000
021 _aRU
_b2004-32928
_91654
035 _a(NLR Aleph) 000526212
090 _a1324253
_c1324253
100 _a20040625d2004 |||y0rusy50 ca
101 1 _arus
_ceng
102 _aRU
105 _aa |||||||||
200 1 _agmax: настольная книга
_fКлейтон Е. Крукс II
_gПер. с англ. [Р.Ф. Шайхутдинов]
210 _aМ.
_cКудиц-Образ
_d2004
215 _a320 с.
_cил.
_d21
225 1 _aВ помощь разработчику игр
300 _aЗагл. и авт. ориг.: The gmax handbook / Clayton E. Crooks II
313 _aсоздание компьютерных игр
320 _aПредм. указ.: с. 313-320
454 0 _12001#$aThe gmax handbook$fClayton E. Crooks II
_1700#1$aCrooks$bC. E.$dII$gClayton E.$4070
_tThe gmax handbook
_aCrooks, Clayton E.
606 0 _aКомпьютерные игры
_xГрафическое программирование
_92344042
_3RU\NLR\auth\661400899
606 0 _aGMAX, графический редактор
_92344049
_3RU\NLR\auth\661400902
686 _aЗ973.23-018.913
700 1 _4070
_8rus
_7ca
_aКрукс
_bК.Е.
_gКлейтон Е.
_3RU\NLR\auth\7720880
_93946
801 0 _aRU
_bNLR
_c20040625
_gPSBO
801 1 _aRU
_bNLR
_c20040625
942 _cBOOK
980 _aNB